000 00220 a2200097 4500
001 2309
100 _aMckinley, J L
245 _aBasic science for aerospace vehicles
260 _a
_bMc Graw Hill
_c
090 _c1670
_d1670
942 _aNUST-CAE
_cM
_c7447
999 _c237382
_d237382